Mornings in Jenin : (Record no. 60277)

000 -LEADER
fixed length control field 01462cam a2200397 a 4500
001 - CONTROL NUMBER
control field 15781248
003 - CONTROL NUMBER IDENTIFIER
control field Nust
005 - DATE AND TIME OF LATEST TRANSACTION
control field 20180711043353.0
008 - FIXED-LENGTH DATA ELEMENTS--GENERAL INFORMATION
fixed length control field 090618s2010 nyua b 000 1 eng
010 ## - LIBRARY OF CONGRESS CONTROL NUMBER
LC control number 2009024957
020 ## - INTERNATIONAL STANDARD BOOK NUMBER
International Standard Book Number 9781408805879 (pbk.)
Terms of availability Rs. 1076
038 ## - RECORD CONTENT LICENSOR
Staff Name Arshad
040 ## - CATALOGING SOURCE
Original cataloging agency DLC
Transcribing agency DLC
Modifying agency DLC
043 ## - GEOGRAPHIC AREA CODE
Geographic area code awba---
-- aw-----
050 00 - LIBRARY OF CONGRESS CALL NUMBER
Classification number PS3601.B86
Item number S33 2010
082 00 - DEWEY DECIMAL CLASSIFICATION NUMBER
Classification number 813.6
Author Mark ABU
100 1# - MAIN ENTRY--PERSONAL NAME
Personal name Abulhawa, Susan.
9 (RLIN) 11553
240 10 - UNIFORM TITLE
Uniform title Scar of David
245 10 - TITLE STATEMENT
Title Mornings in Jenin :
Remainder of title a novel /
Statement of responsibility, etc. Susan Abulhawa.
250 ## - EDITION STATEMENT
Edition statement 1st U.S. ed.
260 ## - PUBLICATION, DISTRIBUTION, ETC.
Place of publication, distribution, etc. New York :
Name of publisher, distributor, etc. Bloomsbury,
Date of publication, distribution, etc. 2010.
300 ## - PHYSICAL DESCRIPTION
Extent xiii, 331 p. :
Other physical details ill. ;
Dimensions 22 cm.
500 ## - GENERAL NOTE
General note Previously published in 2006 under title: The scar of David.
504 ## - BIBLIOGRAPHY, ETC. NOTE
Bibliography, etc. note Includes bibliographical references (p. 331).
650 #0 - SUBJECT ADDED ENTRY--TOPICAL TERM
Topical term or geographic name entry element Palestinian Arabs
Form subdivision Fiction.
9 (RLIN) 11554
650 #0 - SUBJECT ADDED ENTRY--TOPICAL TERM
Topical term or geographic name entry element Arab-Israeli conflict
Form subdivision Fiction.
9 (RLIN) 11555
650 #0 - SUBJECT ADDED ENTRY--TOPICAL TERM
Topical term or geographic name entry element Refugees, Palestinian Arab
Form subdivision Fiction.
9 (RLIN) 11556
651 #0 - SUBJECT ADDED ENTRY--GEOGRAPHIC NAME
Geographic name Jenin
Form subdivision Fiction.
9 (RLIN) 11557
651 #0 - SUBJECT ADDED ENTRY--GEOGRAPHIC NAME
Geographic name Palestine
General subdivision History
Chronological subdivision Partition, 1947
Form subdivision Fiction.
9 (RLIN) 11558
651 #0 - SUBJECT ADDED ENTRY--GEOGRAPHIC NAME
Geographic name Palestine
General subdivision History
Chronological subdivision 20th century
Form subdivision Fiction.
9 (RLIN) 11559
651 #0 - SUBJECT ADDED ENTRY--GEOGRAPHIC NAME
Geographic name Middle East
General subdivision Politics and government
Chronological subdivision 1945-
Form subdivision Fiction.
9 (RLIN) 11560
655 #7 - INDEX TERM--GENRE/FORM
Genre/form data or focus term Historical fiction.
Source of term gsafd
9 (RLIN) 417
906 ## - LOCAL DATA ELEMENT F, LDF (RLIN)
a 7
b cbc
c orignew
d 1
e ecip
f 20
g y-gencatlg
942 ## - ADDED ENTRY ELEMENTS (KOHA)
Source of classification or shelving scheme
Koha item type Book
Holdings
Withdrawn status Lost status Source of classification or shelving scheme Damaged status Not for loan Collection code Permanent Location Current Location Shelving location Date acquired Total Checkouts Total Renewals Full call number Barcode Checked out Date last seen Date last checked out Copy number Price effective from Koha item type
            Central Library (CL) Central Library (CL) Fiction 01/16/2017 6 4 813.6 ABU CL588 03/21/2026 01/08/2026 01/08/2026 1 01/16/2017 Book
© 2023 Central Library, National University of Sciences and Technology. All Rights Reserved.